| 000 | 00511nam a2200181Ia 4500 | ||
|---|---|---|---|
| 001 | 9000 | ||
| 005 | 20260306160651.0 | ||
| 008 | 260306t1982||||xx |||||||||||||| ||spa|| | ||
| 041 | _aESP | ||
| 082 |
_a372.21 _bO66B |
||
| 110 | _aMinisterio de Educación | ||
| 245 | 0 | _aPara las educadoras sobre el programa de educación para los niños del tercer año de vida en el círculo infantil | |
| 260 | _c1982 | ||
| 300 |
_a299 páginas : _c23 cm. |
||
| 650 | _aGEN | ||
| 654 | _aCED | ||
| 942 |
_cLIB _dJUS _fJUS _2ddc _n |
||
| 999 |
_c9000 _d9000 |
||